LEADER 05003nam 22007695 450 001 9910845092503321 005 20240316115720.0 010 $a9783031554711 010 $a303155471X 024 7 $a10.1007/978-3-031-55471-1 035 $a(MiAaPQ)EBC31214000 035 $a(Au-PeEL)EBL31214000 035 $a(MiAaPQ)EBC31222647 035 $a(Au-PeEL)EBL31222647 035 $a(DE-He213)978-3-031-55471-1 035 $a(CKB)30927951400041 035 $a(OCoLC)1427499822 035 $a(EXLCZ)9930927951400041 100 $a20240316d2024 u| 0 101 0 $aeng 135 $aurcnu|||||||| 181 $ctxt$2rdacontent 182 $cc$2rdamedia 183 $acr$2rdacarrier 200 10$aMobile Networks and Management $e13th EAI International Conference, MONAMI 2023, Yingtan, China, October 27-29, 2023, Proceedings /$fedited by Celimuge Wu, Xianfu Chen, Jie Feng, Zhen Wu 205 $a1st ed. 2024. 210 1$aCham :$cSpringer Nature Switzerland :$cImprint: Springer,$d2024. 215 $a1 online resource (292 pages) 225 1 $aLecture Notes of the Institute for Computer Sciences, Social Informatics and Telecommunications Engineering,$x1867-822X ;$v559 311 08$a9783031554704 311 08$a3031554701 327 $aWireless Communication and Networks -- An Occlusion Signal-processing Framework Based on UAV Sampling for Improving Rendering Quality of Views -- YOLOv5-LWLightweight UAV Object -- Client Selection Method for Federated Learning in Multi-robot Collaborative Systems -- Network Security and Blockchain -- Cross-Chain Model of Notary Group Based on Verifiable Random Functions -- Enhancing Cloud Data Integrity Verification Scheme with User Legitimacy Check -- Decoupled 2S-AGCN Human Behavior Recognition Based on New Partition Strategy -- Image Processing and Computer Vision -- Human behavior recognition algorithm based on HD-C3D model -- Inverse Pyramid Pooling Attention for Imaging Identification of Ultrasonic Signal Imaging Recognition -- An Improved 4D Convolutional Neural Network for Light Field Reconstruction -- using PSA to improve YOLOv5s detection algorithm for electric power operation wearable devices -- Image Deblurring Using Fusion Transformer-Based Generative AdversarialNetworks -- Improved AODNet for Fast Image Dehazing -- Image Classification Algorithm for Graphite Ore Carbon Grade Based on Multi-scale Feature Fusion -- Graphite ore grade classification algorithm based on multi-scale fused image features -- Improved WGAN for Image Generation Methods -- Distributed Computing -- Research on Multi-Scale Pedestrian Attribute RecognitionBased on Dual Self-Attention Mechanism -- Improving Pedestrian Attribute Recognition with Dense Feature Pyramid and Mixed Pooling -- Double DQN Reinforcement Learning-based Computational Offloading and Resource Allocation for MEC -- Content Prediction for Proactive Tile-Based VR Video Streaming in Mobile Edge Caching System -- Emerging Applications -- 20 Research on Latent Semantic Relationship Search Engine Based on Knowledge graph -- Promoting Animation Synthesis Through Dual-Channel. 330 $aThis book constitutes the refereed post-conference proceedings of the 13th International Conference on Mobile Networks and Management, MONAMI 2023, held in Yingtan, China, in October 2023. The 21 full papers were carefully reviewed and selected from 41 submissions. The papers are divided into groups of content as follows: Wireless Communication and Networks; Network Security and Blockchain; Image Processing and Computer Vision; Distributed Computing; Emerging Applications. 410 0$aLecture Notes of the Institute for Computer Sciences, Social Informatics and Telecommunications Engineering,$x1867-822X ;$v559 606 $aComputer engineering 606 $aComputer networks 606 $aComputers, Special purpose 606 $aComputers and civilization 606 $aSoftware engineering 606 $aComputer Engineering and Networks 606 $aSpecial Purpose and Application-Based Systems 606 $aComputers and Society 606 $aComputer Communication Networks 606 $aSoftware Engineering 615 0$aComputer engineering. 615 0$aComputer networks. 615 0$aComputers, Special purpose. 615 0$aComputers and civilization. 615 0$aSoftware engineering. 615 14$aComputer Engineering and Networks. 615 24$aSpecial Purpose and Application-Based Systems. 615 24$aComputers and Society. 615 24$aComputer Communication Networks. 615 24$aSoftware Engineering. 676 $a621.39 676 $a004.6 700 $aWu$b Celimuge$01733468 701 $aChen$b Xianfu$01733469 701 $aFeng$b Jie$01733470 701 $aWu$b Zhen$0768205 801 0$bMiAaPQ 801 1$bMiAaPQ 801 2$bMiAaPQ 906 $aBOOK 912 $a9910845092503321 996 $aMobile Networks and Management$94149328 997 $aUNINA LEADER 06815oam 2201249 c 450 001 9910989377603321 005 20260302090207.0 010 $a9783763961580 010 $a3763961585 010 $a9783763965960 010 $a3763965963 024 3 $a9783763965960 035 $a(CKB)38097179300041 035 $a(Perlego)2327883 035 $a(wbv Publikation)9783763965960 035 $a(EXLCZ)9938097179300041 100 $a20260302d2020 uy 0 101 0 $ager 135 $aur||||||||||| 181 $ctxt$2rdacontent 182 $cc$2rdamedia 183 $acr$2rdacarrier 200 00$aDigitalisierung am Übergang Schule Beruf $eAnsätze und Perspektiven in Arbeitsdomänen und beruflicher Förderung /$fDietmar Heisler, Jörg Meier, Marianne Friese, Klaus Jenewein, Susan Seeber, Georg Spöttl, Volker Alsdorf, Sabine Angerhöfer, Angelina Berisha-Gawlowski, Paul-Lucas Böhnhardt, Carina Caruso, Thomas Freiling, Michael Goller, Christian Harteis, Uwe Jäger, Heike Krämer, H.-Hugo Kremer, Martina Kunzendorf, Monia Ben Larbi, Martina Lucht, Denise Materna, Christian Mittermüller, Pia Mozer, Susanne Schemmer 205 $a1st ed. 210 $aBielefeld$cwbv Publikation$d2020 215 $a1 online resource (235 p.) 225 0 $aBerufsbildung, Arbeit und Innovation$v56 327 $aDietmar Heisler, Jörg Meier Berufliche Förderung in Zeiten von Digitalisierung und Berufsbildung 4.0 Teil I Digitaler Kompetenzerwerb in Arbeitsdomänen und beruflicher Bildung Angelina Berisha-Gawlowski, Carina Caruso, Michael Goller, Christian Harteis Auswirkungen der Digitalisierung industrieller Arbeit auf die berufliche und allgemeine Bildung Michael Goller, Carina Caruso, Angelina Berisha-Gawlowski & Christian Harteis Digitalisierung in der Landwirtschaft: Gründe, Optionen und Bewertungen aus Perspektive von Milchviehlandwirtinnen und -landwirten Martina Lucht, Monia Ben Larbi, Sabine Angerhöfer Lernen für die Arbeitswelt von heute Heike Krämer Entwicklung von Medienkompetenz in Zeiten der Digitalisierung: Über welche Kompetenzen verfügen Jugendliche und welchen Anteil muss Berufsausbildung leisten? Volker Alsdorf, Lucas Böhnhardt, Uwe Jäger Die neue Berufsbildposition 5 in den industriellen Metall- und Elektroberufen - ein Umsetzungsansatz aus der Ausbildungspraxis Thomas Freiling, Pia Mozer Digitale Lernformen unterstützen die Lernortkooperation in der beruflichen Bildung! Teil II Digitalisierung und berufliche Förderung Christian Mittermüller Digitalisierung als Schwerpunkt der Hessischen Arbeitsmarktförderung - Handlungsnotwendigkeiten, Projektbeispiele und Fördersystematik H.-Hugo Kremer Didaktische Gestaltung der Ausbildungsvorbereitung am Berufskolleg - Chancen und Herausforderungen der digitalen Transformation Martina Kunzendorf, Denise Materna Digitalisierung - ein "eMotor" für berufliche Inklusion?! Susanne Schemmer Digitale Transformationsprozesse in der beruflichen Benachteiligtenförderung - erste Ergebnisse einer qualitativen Studie Autorinnen- und Autorenverzeichnis 330 $aBerufliche Förderung in Zeiten von Digitalisierung und Berufsbildung 4.0 war ein Schwerpunktthema der Hochschultage Berufliche Bildung 2019 in Siegen. Die Beiträge des Sammelbandes geben einen Überblick über die diskutierten Konzepte und Handlungsansätze. Der erste Teil befasst sich mit Fragen zum digitalen Kompetenzerwerb in verschiedenen Arbeitsdomänen, von den Auswirkungen der Digitalisierung auf industrieller Arbeit und Landwirtschaft bis zur Entwicklung von Medienkompetenz als Aufgabe der Berufsbildung. Im zweiten Teil stehen Fragen zur beruflichen Förderung in Zeiten der Digitalisierung im Mittelpunkt. Themen sind u.a. Lernortkooperationen, digitale Transformation in der Ausbildungsvorbereitung an Berufskollegs sowie Benachteiligtenförderung in digitalen Kontexten. Der Band richtet sich an Wissenschaftler und Wissenschaftlerinnen sowie Akteure und Akteurinnen in der beruflichen Bildung, im Übergangssystem, in der beruflichen Förderung und an Berufsschulen. 606 $aLernprozess 606 $aDigitalisierung 606 $aBeruf 606 $aArbeitswelt 606 $aDidaktik 606 $aBerufswahl 606 $aLernprozesse 606 $aLandwirtschaft 606 $aMedienkompetenz 606 $aArbeitswelt - Strukturwandel 606 $aBerufskolleg 606 $aberufliches Lernen 606 $aBerufliche Bildung 606 $aBenachteiligte 606 $aLernprozesse und -begleitung 606 $aDigitale Arbeitswelt 606 $aIndustrie 4.0 606 $aDigitale Kompetenzen 606 $aDigitale Bildung 606 $aÜbergangsmanagement 606 $aDigitales Lernen 606 $aDigitale Lehre 606 $aArbeitsmarktförderung 606 $awbv OpenLibrary 2020 615 4$aLernprozess 615 4$aDigitalisierung 615 4$aBeruf 615 4$aArbeitswelt 615 4$aDidaktik 615 4$aBerufswahl 615 4$aLernprozesse 615 4$aLandwirtschaft 615 4$aMedienkompetenz 615 4$aArbeitswelt - Strukturwandel 615 4$aBerufskolleg 615 4$aberufliches Lernen 615 4$aBerufliche Bildung 615 4$aBenachteiligte 615 4$aLernprozesse und -begleitung 615 4$aDigitale Arbeitswelt 615 4$aIndustrie 4.0 615 4$aDigitale Kompetenzen 615 4$aDigitale Bildung 615 4$aÜbergangsmanagement 615 4$aDigitales Lernen 615 4$aDigitale Lehre 615 4$aArbeitsmarktförderung 615 4$awbv OpenLibrary 2020 702 $aHeisler$b Dietmar$4edt 702 $aMeier$b Jörg$4edt 702 $aFriese$b Marianne$4edt 702 $aJenewein$b Klaus$4edt 702 $aSeeber$b Susan$4edt 702 $aSpöttl$b Georg$4edt 702 $aAlsdorf$b Volker$4ctb 702 $aAngerhöfer$b Sabine$4ctb 702 $aBerisha-Gawlowski$b Angelina$4ctb 702 $aBöhnhardt$b Paul-Lucas$4ctb 702 $aCaruso$b Carina$4ctb 702 $aFreiling$b Thomas$4ctb 702 $aGoller$b Michael$4ctb 702 $aHarteis$b Christian$4ctb 702 $aJäger$b Uwe$4ctb 702 $aKrämer$b Heike$4ctb 702 $aKremer$b H.-Hugo$4ctb 702 $aKunzendorf$b Martina$4ctb 702 $aBen Larbi$b Monia$4ctb 702 $aLucht$b Martina$4ctb 702 $aMaterna$b Denise$4ctb 702 $aMittermüller$b Christian$4ctb 702 $aMozer$b Pia$4ctb 702 $aSchemmer$b Susanne$4ctb 801 0$bwbv Publikation 801 1$bwbv Publikation 906 $aBOOK 912 $a9910989377603321 996 $aDigitalisierung am U?bergang Schule Beruf$94414713 997 $aUNINA